000 nam a22 a 4500
999 _c3833
_d3833
005 20170524093013.0
008 170524b1995 I ||||| |||| 00| 0 eng d
020 _a8186190198
040 _aAKMAL
082 _a796.44 THA
090 _a796.44
_bTHA
245 _aSKILLS & TACTICS GYMNASTICS
_cLOKESH THANI
260 _aINDIA
_bSPORTS PUBLICATIONS
_c1995
300 _a70pg,;
_c15 cm
650 _aGYMNASTICS
_97573
942 _2ddc
_cBOOK